Αξιολόγηση των πληροφοριών κοινωνικής και περιβαλλοντικής επίδοσης, των 100 μεγαλύτερων επιχειρήσεων στην Ελλάδα
Saved in:
| Main Author: | |
|---|---|
| Corporate Author: | |
| Format: | Thesis Book |
| Language: | Greek |
| Published: |
2010.
|
| Subjects: | |
| Online Access: | http://hdl.handle.net/11610/15235 |
| Tags: |
Add Tag
No Tags, Be the first to tag this record!
|
MARC
| LEADER | 00000cam a2200000 i 4500 | ||
|---|---|---|---|
| 001 | 1/10179 | ||
| 008 | 100908s2010 gre d | ||
| 035 | |l 10108917 | ||
| 040 | |a GR-MY-UA |b gre |e aacr | ||
| 041 | 0 | |a gre | |
| 082 | 0 | |a 333.7 |2 (22) | |
| 100 | 1 | |a Αλεξανδρή, Άρτεμις. | |
| 245 | 1 | 0 | |a Αξιολόγηση των πληροφοριών κοινωνικής και περιβαλλοντικής επίδοσης, των 100 μεγαλύτερων επιχειρήσεων στην Ελλάδα / |c Αλεξανδρή Άρτεμις ; επιβλέπων καθηγητής: Κ. Ευαγγελινός. |
| 260 | |c 2010. | ||
| 300 | |a 98 σ. : |b πιν., εικ. ; |c 30 εκ. | ||
| 500 | |a Βιβλιογραφία: σ. 92-98. | ||
| 502 | |a Διατριβή (μεταπτυχιακή) – Πανεπιστήμιο Αιγαίου, Λέσβος, 2010. | ||
| 650 | 0 | 0 | |a Social responsibility of business |z Greece. |
| 650 | 0 | 0 | |a Best management practices (Pollution prevention) |
| 650 | 0 | 0 | |a Environmental protection |x Evaluation. |
| 650 | 0 | 0 | |a Dissertations, Academic |z Greece. |
| 700 | 1 | |a Ευαγγελινός, Κωνσταντίνος, |e dgs | |
| 710 | 2 | |a Πανεπιστήμιο Αιγαίου |b Σχολή Περιβάλλοντος |b Τμήμα Περιβάλλοντος |b Πρόγραμμα Μεταπτυχιακών Σπουδών Γεωργία και Περιβάλλον. | |
| 852 | |a INST |b LESVOS |c DIATR |e 20100908 |h 339 |p 005100048551 |q 005100048551 |t MTXE |y 23 | ||
| 852 | |a INST |b LESVOS |c DIATR |e 20100908 |h 340 |p 005100048552 |q 005100048552 |t MTXE |y 23 | ||
| 856 | |u http://hdl.handle.net/11610/15235 | ||
| 901 | |a BIBL1-2010-3 | ||
| 909 | |a Λ |b 164538 | ||
| 909 | |a Λ |b 164539 | ||
| 924 | |a ΑΛΕΞΑΝΔΡΗ |b ΑΡΤΕΜΙΣ |y ΛΕΣΒΟΣ |z 2010-05 | ||
| 970 | |a ΤΖΑΦΕΡΗ |b ΕΥΑΓΓΕΛΙΑ |z 2010/09/08 | ||